|
|
|
|
| LEADER |
00000nab a2200000 ar4500 |
| 001 |
vtls010089563 |
| 003 |
SK-MaSNL |
| 005 |
20260304232745.0 |
| 008 |
100428|2008 xo |||||||||||100 b|eng |
| 015 |
|
|
|a SNBRA2010/04
|2 snkbucl
|
| 038 |
|
|
|a SNKBUCL
|
| 040 |
|
|
|a SNKBUCL
|b slo
|c SNKBUCL
|e AACR2
|
| 041 |
0 |
|
|a eng
|
| 044 |
|
|
|a xo
|c SK
|
| 080 |
|
|
|a 681.513.52:004.94
|2 2001
|
| 080 |
|
|
|a 621.316.3
|2 2001
|
| 080 |
|
|
|a 62-526
|2 2001
|
| 080 |
|
|
|a 004.94
|2 2001
|
| 100 |
1 |
|
|a Bocko, Štefan
|4 aut
|9 1567719
|
| 245 |
1 |
0 |
|a Models of switching curve for time-optimal servomechanism control
|c Štefan Bocko
|
| 300 |
|
|
|b Grafy, fotogr., sch.
|
| 650 |
0 |
7 |
|a optimálne riadenie
|2 snkbucl
|9 50111
|
| 650 |
0 |
7 |
|a časovo optimálne riadenie
|2 snkbucl
|9 1567720
|
| 650 |
0 |
7 |
|a servomechanizmy
|2 snkbucl
|9 85008
|
| 650 |
0 |
7 |
|a spínacie krivky
|2 snkbucl
|9 1567721
|
| 650 |
0 |
7 |
|a modelovanie a simulácia
|2 SNKPH
|9 3666
|
| 655 |
|
7 |
|a štúdie
|2 SNKPH
|9 57033
|
| 773 |
0 |
|
|t MOSMIC '2007 - Modelling and Simulation in Management, Informatics and Control
|d Žilina : Žilinská univerzita, 2008
|g S. 59-64
|z 9788080708078
|
| 852 |
|
|
|a SNK
|b KIS3GCP
|
| 999 |
|
|
|c 3195264
|d 3197194
|